01431nam a2200361 a 450000500170000000800410001702000150005804000270007304100080010004400070010808200190011509000140013410000200014824500640016826001480023230000450038065000200042565000180044565000160046365000250047965000190050465000190052365000190054265000360056165000170059770000200061470000240063470000330065894200150069199900150070695201750072195201730089620200104041532.0140305t2001 ck a fr|||| 00| 0 spa d a9583321184 aCO-BoIAVH cCO-BoIAVH  aspa ack a598.4091bC22g aLBb02285 aCanevari, Pablo1 aGuía de los chorlos y playeros de la región neotropical aSantiago de CalibAmerican Bird ConservancybWWF-USbHumadales para las Américas y Manoment Conservation SciencebAsociación Calidrisc2001 a141 paginas;bIlustraciones c22 x 16 cm 4aGuía de campo 4aSistemática 4aTaxonomía 4aEspecies migratorias 6aReproducción 4aAlimentación aComportamiento aConservación de biodiversidad aNeotrópico1 aCastro, Gonzalo1 aSallaberry, Michael1 aNaranjo Henao, Luis Germán cLIBRO2ddc c2470d2470 00102ddc40708GENERALIINV2017aBogotabBogotad2001-08-30eInstitutog39000.00l0oLB-598.4091 C22gp003049r2012-12-04 00:00:00tEj. 1w2012-12-04xDonaciónyLIBRO 00102ddc40708GENERALIINV2017aVenadobVenadod2009-11-25eInstitutog39000.00l0oLB-598.4091 C22gp027801r2012-12-04 00:00:00tEj. 2w2012-12-04xDonacionyLIBRO